|
|
|
|
| LEADER |
00000naa2a2200000 4500 |
| 001 |
619057 |
| 005 |
20231101133037.0 |
| 035 |
|
|
|a (RuTPU)RU\TPU\conf\17461
|
| 035 |
|
|
|a RU\TPU\conf\17460
|
| 090 |
|
|
|a 619057
|
| 100 |
|
|
|a 20160803d2016 k y0rusy50 ca
|
| 101 |
0 |
|
|a rus
|d eng
|
| 102 |
|
|
|a RU
|
| 105 |
|
|
|a y z 101zy
|
| 135 |
|
|
|a drgn ---uucaa
|
| 181 |
|
0 |
|a i
|
| 182 |
|
0 |
|a b
|
| 200 |
1 |
|
|a Структура и термическая стабильность сплава Zr-1Nb в ультрамелкозернистом состоянии
|d Structure and thermal stability of ultrafine Zr-1Nb alloy
|f А. С. Дубровская, Г. П. Грабовецкая
|
| 203 |
|
|
|a Текст
|c электронный
|
| 225 |
1 |
|
|a Проблемы прочности, пластичности и усталостной долговечности современных конструкционных материалов
|
| 230 |
|
|
|a 1 компьютерный файл (pdf; 466 Кб)
|
| 300 |
|
|
|a Заглавие с титульного экрана
|
| 320 |
|
|
|a [Библиогр.: с. 20 (5 назв.)]
|
| 330 |
|
|
|a The effect of annealing in the temperature range 573-873 K on the thermal stability of the structure and mechanical properties of ultrafine Zr-1Nb alloy were studied by transmission electron microscopy.
|
| 463 |
|
0 |
|0 (RuTPU)RU\TPU\conf\17108
|t Материалы и технологии новых поколений в современном материаловедении
|o сборник трудов Международной конференции, г. Томск, 9-11 июня 2016 г.
|f Национальный исследовательский Томский политехнический университет (ТПУ) ; Российская академия наук (РАН), Сибирское отделение (СО), Институт физики прочности и материаловедения (ИФПМ)
|v [С. 17-20]
|d 2016
|
| 510 |
1 |
|
|a Structure and thermal stability of ultrafine Zr-1Nb alloy
|z eng
|
| 610 |
1 |
|
|a труды учёных ТПУ
|
| 610 |
1 |
|
|a электронный ресурс
|
| 610 |
1 |
|
|a структуры
|
| 610 |
1 |
|
|a термическая стабильность
|
| 610 |
1 |
|
|a сплавы
|
| 610 |
1 |
|
|a ультрамелкозернистые структуры
|
| 610 |
1 |
|
|a термостабильность
|
| 610 |
1 |
|
|a механические свойства
|
| 610 |
1 |
|
|a электронная микроскопия
|
| 700 |
|
1 |
|a Дубровская
|b А. С.
|
| 701 |
|
1 |
|a Грабовецкая
|b Г. П.
|
| 712 |
0 |
2 |
|a Национальный исследовательский Томский политехнический университет (ТПУ)
|c (2009- )
|2 stltpush
|3 (RuTPU)RU\TPU\col\15902
|
| 801 |
|
2 |
|a RU
|b 63413507
|c 20160826
|g RCR
|
| 856 |
4 |
|
|u http://earchive.tpu.ru/handle/11683/31007
|
| 942 |
|
|
|c BK
|